000
00295 a2200145 4500
001
180161
020
_a
040
_c
Magnum
100
_a
Santiago, Perpetua
240
1
0
_a
A nuvem dourada
_l
por
245
1
0
_a
A nuvem dourada
362
0
_a
1899
697
_a
MAGNITO: IJ/GERAL
942
_c
BK
999
_c
180161
_d
180161